| 000 | 01600nam0a22002891 4500 | ||
|---|---|---|---|
| 001 | rc\3231876 | ||
| 005 | 20260407160051.0 | ||
| 021 |
_aRU _b[73-245] |
||
| 035 | _a(NLR Aleph) 007471559 | ||
| 090 |
_a7422040 _c7422040 |
||
| 100 | _a20130115d1972 |||y0rusy50 ca | ||
| 101 | 0 | _arus | |
| 102 | _aRU | ||
| 105 | _ay z ||||| | ||
| 200 | 1 |
_aЭкология, морфология, охрана и использование медведей _eМатериалы совещ. _f[Гл. ред. чл.-кор. АН СССР В.Е. Соколов] _gАН СССР. Ин-т эволюц. морфологии и экологии животных им. А.Н. Северцова. Центр. лаб. охраны природы МСХ СССР. Моск. о-во испытателей природы. Всерос. о-во охраны природы. Секция охраны диких зверей |
|
| 210 |
_aМосква _cНаука _d1972 |
||
| 215 |
_a110 с. _d20 |
||
| 606 |
_aМедведи _jСборники _2psbo |
||
| 702 | 1 |
_4340 _8rus _7ca _aСоколов _bВ. Е. _cд-р биол. наук _f1928-1998 _gВладимир Евгеньевич _3RU\NLR\AUTH\77146 _9110223 |
|
| 712 | 0 | 2 |
_aИнститут эволюционной морфологии им. А. Н. Северцова _cМосква _3RU\NLR\AUTH\8813516 _9300043 |
| 712 | 1 | 2 |
_aСовещание по изучению медведей _d1 _f1972 _eМосква _3RU\NLR\AUTH\8810097596 _9696259 |
| 801 | 0 |
_aRU _bNLR _gpsbo |
|
| 801 | 1 |
_aRU _bELAR _2rusmarc |
|
| 852 |
_aNLR _j72-3/11478 |
||
| 942 | _cBOOK | ||
| 980 | _aNB | ||